| 000 | 01396nam0a22002771 4500 | ||
|---|---|---|---|
| 001 | rc\2911729 | ||
| 005 | 20250529222618.0 | ||
| 035 | _a(NLR Aleph) 007062433 | ||
| 090 |
_a6299000 _c6299000 |
||
| 100 | _a20110808d1933 |||y0rusy50 ca | ||
| 101 | 1 |
_arus _cger |
|
| 102 | _aRU | ||
| 105 | _aa z ||||| | ||
| 200 | 1 |
_aКоллоидная химия _eПеревод с 5. доп. и заново перераб. нем. изд. _h1 _iОбщая часть _h2 _iСпециальная часть _fRichard Zsigmondy, проф. Ун-та в Геттингене, директор Ин-та неорган. химии _gПод ред. и с предисл. И.А. Кухаренко, проф. Киев. технолог. ин-та сахар. пром-сти (с. 9-12) _gНар. ком. снабжения УССР |
|
| 205 | _a2-е изд. | ||
| 210 |
_aХарьков _aКиев _cИзд-во НКСнаба УССР _d1933 |
||
| 215 |
_aОбл., 452 с., [7] вкл. л. ил. _cил. _d24 см |
||
| 300 | _aОригинал: Kolloidchemie. Ein Lehrbuch von Richard Zsigmondy ... | ||
| 300 | _aПредисл. автора к 1. (с. 13-14), і к 5. изд. (с. 14-16) | ||
| 700 | 1 |
_aЖигмонди _bР. _f1865-1929 _gРихард |
|
| 702 | 1 |
_aКухаренко _bИ.А. _4340 |
|
| 801 | 0 |
_aRU _bNLR _gpsbo |
|
| 801 | 1 |
_aRU _bELAR _2rusmarc |
|
| 852 |
_aNLR _j33-5/332 |
||
| 942 | _cBOOK | ||
| 980 | _aNB | ||